• 首页
  • 本馆介绍
  • 公告通知
  • 最新文献
  • 馆藏检索
  • 电子资源
  • 读者导购
  • 参考咨询
  • 我的图书馆
  • 登录
  • 详细信息显示
  • 放入我的书架
  • 预约/预借图书
  • 作者相关作品
  • 分类相关作品
  • 丛书相关作品
  • 出版社相关作品

书目信息

  • 表格格式
  • 工作单格式
  • 卡片格式
题名:
眼耳鼻咽喉口腔科护理学
    
 
作者: 任重 主编
分册:  
出版信息: 北京   人民卫生出版社  2002
页数: 239页
开本: 26cm
丛书名:
单 册:
中图分类: R473.76
科图分类:
主题词: 五官科学--护理学--医学院校--教材
电子资源:
ISBN: 978-7-117-04882-8
000 00852nam0 2200241 450
001 0100214552
005 20020928000000.0
010    @a978-7-117-04882-8@dCNY17.00
100    @a20020808d2002 em y0chiy0110 ea
101 0  @achi
102    @aCN@b110000
105    @ay z 000yy
106    @ar
200 1  @a眼耳鼻咽喉口腔科护理学@9Yan Er Bi Yan;Ye Hou Kou Qiang Ke Hu Li Xue @f任重主编@b专著
210    @a北京@c人民卫生出版社@d2002
215    @a239页@d26cm
300    @a全国高等医药教材建设研究会·卫生部规划教材 全国高等医药院校教材 供护理学类专业用
330    @a本书内容包括:眼的应用解剖生理,眼科病人的护理,耳鼻咽喉病人的护理概述,口腔科病人的护理概述等。
606 0  @a五官科学@x护理学@x医学院校@j教材
690    @aR473.76@v4
701  0 @a任重@9ren zhong@4主编
801  0 @aCN@bAiZhiMarc@c20020813
905    @aBZT@dR473.76@e2@f3@sR473.76/2
    
    眼耳鼻咽喉口腔科护理学/任重主编.-北京:人民卫生出版社,2002
    239页;26cm
    全国高等医药教材建设研究会·卫生部规划教材 全国高等医药院校教材 供护理学类专业用
    
    ISBN 978-7-117-04882-8:CNY17.00
    本书内容包括:眼的应用解剖生理,眼科病人的护理,耳鼻咽喉病人的护理概述,口腔科病人的护理概述等。
●
相关链接 在五车中查询图书 在当当中查询图书 在豆瓣中查询图书


正题名:眼耳鼻咽喉口腔科护理学     索取号:R473.76/2         预约/预借

序号 登录号 条形码 馆藏地/架位号 状态 备注
1 2000021678   2000021678   旧书回溯/ [索取号:R473.76/2] 在馆    
2 2000024110   2000024110   旧书回溯/ [索取号:R473.76/2] 在馆    
3 2000063756   2000063756   旧书回溯/ [索取号:R473.76/2] 在馆    
山东省滨州职业学院图书馆 欢迎您!
大连网信软件有限公司© 版权所有